| 000 | 00937nam a2200241Ia 4500 | ||
|---|---|---|---|
| 003 | OSt | ||
| 005 | 20220923211920.0 | ||
| 006 | a|||||r|||| 00| 0 | ||
| 007 | ta | ||
| 008 | 220922b |||||||| |||| 00| 0 hin d | ||
| 024 | _a73,521 | ||
| 037 | _cTextual | ||
| 040 |
_aARTS _cARTS _bhin |
||
| 041 |
_2hin _ahin |
||
| 082 | _aR631v, 152J0;L9 | ||
| 100 |
_aअग्रवाल, वासुदेवशरण; शास्त्री, मंगलदेव _9161696 |
||
| 245 | 0 | _aसांख्यदर्शन का इतिहास | |
| 246 | _aSāankhyadarshan kā itihāsa | ||
| 260 |
_aगाजियाबाद _b विरजानन्द वैदिक संस्थान _c1979 |
||
| 300 |
_a704पृ. _ccm. |
||
| 942 |
_hR631v, 152J0;L9 _cTEXL _2CC |
||
| 999 |
_c304564 _d304564 |
||